[Event "Pinneberg-ch"]
[Site "Pinneberg"]
[Date "2018.08.30"]
[Round "3"]
[White "Partus, Emma"]
[Black "Sausmikat, Michael"]
[Result "1-0"]
[WhiteElo "1421"]
[BlackElo "1648"]
[PlyCount "103"]
[EventDate "2018.08.16"]
[EventType "swiss"]
[EventRounds "7"]
[EventCountry "GER"]
[SourceTitle "EXT 2019"]
[Source "ChessBase"]
[SourceDate "2018.10.10"]
[SourceVersion "1"]
[SourceVersionDate "2018.10.10"]
[SourceQuality "1"]

1. e4 c6 2. d4 d5 3. e5 e6 4. Nf3 Ne7 5. Ng5 Nf5 6. Qh5 Nh6 7. Bd3 g6 8. Qh3 Nf5 9. Nxh7 Be7 10. g4 Nxd4 11. Qh6 Bf8 12. Nf6+ Qxf6 13. Qxf8+ Kxf8 14. exf6 Nf3+ 15. Ke2 Ne5 16. f3 Rh3 17. Nd2 Nbd7 18. g5 Nc5 19. b3 Ncxd3 20. cxd3 c5 21. Ba3 b6 22. d4 Ba6+ 23. Kf2 Nd3+ 24. Ke3 Ke8 25. Rag1 Rc8 26. Rg3 cxd4+ 27. Kxd4 Rh4+ 28. Rg4 Rh3 29. Rg3 Rh4+ 30. Rg4 Rh5 31. h4 Nf2 32. Rh2 Nxg4 33. fxg4 Rh7 34. Nf3 Bb5 35. h5 gxh5 36. gxh5 Rc5 37. Bxc5 bxc5+ 38. Kxc5 Bd3 39. Kd6 Bf5 40. Ne5 Bg4 41. Rc2 Kd8 42. h6 Bd1 43. Rc1 Bh5 44. Nc6+ Kc8 45. Nxa7+ Kb7 46. Rc7+ Kb6 47. Nc6 Rh8 48. Ne5 Rh7 49. a4 d4 50. b4 Rh8 51. Nc4+ Ka6 52. b5# 1-0